LEADER 01109nam0-22003491i-450- 001 990007847880403321 005 20040527114738.0 010 $a88-348-3329-5 035 $a000784788 035 $aFED01000784788 035 $a(Aleph)000784788FED01 035 $a000784788 100 $a20040108d2003----km-y0itay50------ba 101 0 $aita 102 $aIT 105 $ay-------001yy 200 1 $a<>relazioni internazionali dell' Unione europea dopo i Trattati di Amsterdam e Nizza$fa cura di Gianni Bonvicini e Gian Luigi Tosato$gcon contributi di R. Basso...[et al.] 210 $aTorino$cGiappichelli$dc2003 215 $aVIII, 263 p.$d24 cm 676 $a327.4$v20$zita 702 1$aBasso,$bRiccardo 702 1$aBonvicini,$bGianni 702 1$aTosato,$bGian Luigi 801 0$aIT$bUNINA$gRICA$2UNIMARC 901 $aBK 912 $a990007847880403321 952 $aA-X-166$b12613$fDDRC 952 $aXV A 243$b5781$fDDCIC 959 $aDDRC 959 $aDDCIC 996 $aRelazioni internazionali dell' Unione europea dopo i Trattati di Amsterdam e Nizza$9671750 997 $aUNINA LEADER 00848nam0-22002651i-450- 001 990002667670403321 005 20090224143128.0 035 $a000266767 035 $aFED01000266767 035 $a(Aleph)000266767FED01 035 $a000266767 100 $a20030910d1934----km-y0itay50------ba 101 0 $aita 102 $aIT 105 $ay-------001yy 200 1 $a<>credito agrario nell'ordinamento italiano odierno$elezione tenuta in Treviso il 29 aprile 1934 al corso di tecnica bancaria ...$fLuigi Pagani 210 $aVenezia$cStab. grafico G. Bellini$d1934 700 1$aPagani,$bLuigi$c$0431544 801 0$aIT$bUNINA$gRICA$2UNIMARC 901 $aBK 912 $a990002667670403321 952 $a15-11-TB$bs.i.$fECA 959 $aECA 996 $aCredito agrario nell'ordinamento italiano odierno$9429645 997 $aUNINA LEADER 03340nam 2200613Ia 450 001 9910140591203321 005 20200520144314.0 010 $a1-118-21152-9 010 $a1-282-69036-1 010 $a9786612690365 010 $a0-470-56764-3 010 $a0-470-56763-5 035 $a(CKB)2670000000014706 035 $a(EBL)514371 035 $a(OCoLC)609862656 035 $a(SSID)ssj0000366205 035 $a(PQKBManifestationID)11290379 035 $a(PQKBTitleCode)TC0000366205 035 $a(PQKBWorkID)10414571 035 $a(PQKB)10462620 035 $a(MiAaPQ)EBC514371 035 $a(Au-PeEL)EBL514371 035 $a(CaPaEBR)ebr10383627 035 $a(CaONFJC)MIL269036 035 $a(PPN)186157746 035 $a(EXLCZ)992670000000014706 100 $a20090626d2010 uy 0 101 0 $aeng 135 $aur|n|---||||| 181 $ctxt 182 $cc 183 $acr 200 00$aStatistical bioinformatics$b[electronic resource] $ea guide for life and biomedical science researchers /$fedited by Jae K. Lee 210 $aHoboken, NJ $cWiley$dc2010 215 $a1 online resource (386 p.) 300 $aDescription based upon print version of record. 311 $a0-471-69272-7 320 $aIncludes bibliographical references and index. 327 $aSTATISTICAL BIOINFORMATICS; CONTENTS; PREFACE; CONTRIBUTORS; 1 ROAD TO STATISTICAL BIOINFORMATICS; 2 PROBABILITY CONCEPTS AND DISTRIBUTIONS FOR ANALYZING LARGE BIOLOGICAL DATA; 3 QUALITY CONTROL OF HIGH-THROUGHPUT BIOLOGICAL DATA; 4 STATISTICAL TESTING AND SIGNIFICANCE FOR LARGE BIOLOGICAL DATA ANALYSIS; 5 CLUSTERING: UNSUPERVISED LEARNING IN LARGE BIOLOGICAL DATA; 6 CLASSIFICATION: SUPERVISED LEARNING WITH HIGH-DIMENSIONAL BIOLOGICAL DATA; 7 MULTIDIMENSIONAL ANALYSIS AND VISUALIZATION ON LARGE BIOMEDICAL DATA; 8 STATISTICAL MODELS, INFERENCE, AND ALGORITHMS FOR LARGE BIOLOGICAL DATA ANALYSIS 327 $a9 EXPERIMENTAL DESIGNS ON HIGH-THROUGHPUT BIOLOGICAL EXPERIMENTS10 STATISTICAL RESAMPLING TECHNIQUES FOR LARGE BIOLOGICAL DATA ANALYSIS; 11 STATISTICAL NETWORK ANALYSIS FOR BIOLOGICAL SYSTEMS AND PATHWAYS; 12 TRENDS AND STATISTICAL CHALLENGES IN GENOMEWIDE ASSOCIATION STUDIES; 13 R AND BIOCONDUCTOR PACKAGES IN BIOINFORMATICS: TOWARDS SYSTEMS BIOLOGY; INDEX 330 $aThis book provides an essential understanding of statistical concepts necessary for the analysis of genomic and proteomic data using computational techniques. The author presents both basic and advanced topics, focusing on those that are relevant to the computational analysis of large data sets in biology. Chapters begin with a description of a statistical concept and a current example from biomedical research, followed by more detailed presentation, discussion of limitations, and problems. The book starts with an introduction to probability and statistics for genome-wide data, and moves into 606 $aBioinformatics$xStatistical methods 606 $aBiology$xData processing 615 0$aBioinformatics$xStatistical methods. 615 0$aBiology$xData processing. 676 $a570.285 701 $aLee$b Jae K$0901228 801 0$bMiAaPQ 801 1$bMiAaPQ 801 2$bMiAaPQ 906 $aBOOK 912 $a9910140591203321 996 $aStatistical bioinformatics$92014283 997 $aUNINA